000 005890000a22001810004500
003 MACL
005 20160610170343.0
008 160610b xxu||||| |||| 00| 0 eng d
040 _aMACL
_cMACL
041 _aHindi
082 _a800
100 _aसिंह , विजय बहादुर
_942321
245 _aप्रसाद निराला और पंत
_cविजय बहादुर सिंह
260 _bस्‍वराज प्रकाशन
_c2000
_aदिल्‍ली
350 _a350
650 _aLiteracture
_964075
942 _cHIN
_k800
_2ddc
999 _c30269
_d30269